000 00562cam a2200193 4500500
005 20260405003416.0
041 _afre
042 _adc
100 1 0 _aPortevin, Catherine
_eauthor
245 0 0 _aPhilosophie de la maison
260 _c2021.
500 _a55
690 _aBonheur
690 _aEmanuele Coccia
690 _aHabiter
690 _aMaison
786 0 _nPhilosophie magazine | 154 | 11 | 2021-11-01 | p. 75-75 | 1951-1787
856 4 1 _uhttps://shs.cairn.info/magazine-philosophie-magazine-2021-11-page-75?lang=fr&redirect-ssocas=7080
999 _c2067232
_d2067232